| 000 | 00677nab a2200217 a 4500 | ||
|---|---|---|---|
| 005 | 20210223131206.0 | ||
| 008 | 991125s1985 mx 000 0 spa u | ||
| 035 | _aUPN01000174099 | ||
| 100 | 1 |
_aFerrari, Virginia, _d1949- _938239 |
|
| 222 | _aCORREO DEL MAESTRO : | ||
| 222 | _bREVISTA PARA PROFESORES DE EDUCACION BASICA | ||
| 245 | _aEnseñanza guiada por la evaluación : una propuesta de formación docente en la numerización temprana | ||
| 260 | _aMéxico | ||
| 300 | _a33-43 | ||
| 362 | 0 | _a2009 Año 10, no. 159, ago. | |
| 653 | 0 | _aEDUCACION PREESCOLAR | |
| 653 | 0 | _aMATEMATICA | |
| 653 | 0 | _aENSEÑANZA | |
| 653 | 0 | _aEDUCACION PRIMARIA | |
| 905 | _aArticulo | ||
| 999 |
_c146203 _d146203 |
||